| 000 | 008500000a22002290004500 | ||
|---|---|---|---|
| 001 | 002695 | ||
| 003 | OSt | ||
| 005 | 20110511111912.0 | ||
| 008 | 110511t xxu||||| |||| 00| 0 eng d | ||
| 020 | _a16844874 | ||
| 040 | _aAPR | ||
| 082 | _a348.042 EAS | ||
| 245 | _aThe East Africa law reports 2000 Vol. 2 / | ||
| 260 |
_bLaw Africa _cc2002 |
||
| 500 | _aVol.1 & 2 (2000); Vol.1 & 2 (2001) | ||
| 650 |
_acases _aEast Africa _alaws _areports _93922 |
||
| 653 | _aLaw | ||
| 942 |
_cLRT _2ddc |
||
| 999 |
_c1780 _d1780 |
||